Письма : (Record no. 530165)
[ view plain ]
| 000 -LEADER | |
|---|---|
| fixed length control field | 01658nam a2200325 a 4500 |
| 001 - CONTROL NUMBER | |
| control field | 1423029 |
| 003 - CONTROL NUMBER IDENTIFIER | |
| control field | AM-YEHGA |
| 005 - DATE AND TIME OF LATEST TRANSACTION | |
| control field | 20250618080141.0 |
| 008 - FIXED-LENGTH DATA ELEMENTS--GENERAL INFORMATION | |
| fixed length control field | 181116s2018 ai a||||r|||||||||0|rus|d |
| 020 ## - INTERNATIONAL STANDARD BOOK NUMBER | |
| International Standard Book Number | 9785540024730 |
| 040 ## - CATALOGING SOURCE | |
| Original cataloging agency | AM-YeHGA |
| 041 0# - LANGUAGE CODE | |
| Language code of text/sound track or separate title | rus |
| 090 ## - LOCALLY ASSIGNED LC-TYPE CALL NUMBER (OCLC); LOCAL CALL NUMBER (RLIN) | |
| -- | 568728 |
| 100 1# - MAIN ENTRY--PERSONAL NAME | |
| Personal name | Խաչատրյան, Արամ Եղիայի, |
| Dates associated with a name | 1903-1978 |
| 9 (RLIN) | 1671 |
| 245 10 - TITLE STATEMENT | |
| Title | Письма : |
| Remainder of title | [О некоторых периодах жизни и деятельности Мастера] / |
| Statement of responsibility, etc. | Арам Хачатурян ; [Сост.-ред. А. Григорян ; Пер. с арм. М. Арутюнян, А. Пахлеванян ; Предисл. А. Шагманян] ; М-во культуры РА, Дом-музеей Арама Хачатуряна. |
| 260 ## - PUBLICATION, DISTRIBUTION, ETC. | |
| Place of publication, distribution, etc. | Ереван : |
| Name of publisher, distributor, etc. | Айастан, |
| Date of publication, distribution, etc. | 2018. |
| 300 ## - PHYSICAL DESCRIPTION | |
| Extent | 504, [16] с. : |
| Other physical details | 8 л. ил. ; |
| Dimensions | 20 см. |
| 500 ## - GENERAL NOTE | |
| General note | Имен. указ. : с. 473-490 |
| 650 14 - SUBJECT ADDED ENTRY--TOPICAL TERM | |
| Topical term or geographic name entry element | Искусство |
| 9 (RLIN) | 5446 |
| 650 14 - SUBJECT ADDED ENTRY--TOPICAL TERM | |
| Topical term or geographic name entry element | Музыка |
| General subdivision | История музыки |
| 650 14 - SUBJECT ADDED ENTRY--TOPICAL TERM | |
| Topical term or geographic name entry element | Деятели армянской культуры |
| 650 14 - SUBJECT ADDED ENTRY--TOPICAL TERM | |
| Topical term or geographic name entry element | Армянские композиторы |
| General subdivision | Жизнь и творчество |
| Form subdivision | Письма |
| 650 14 - SUBJECT ADDED ENTRY--TOPICAL TERM | |
| Topical term or geographic name entry element | Эпистолярная литература |
| 653 0# - INDEX TERM--UNCONTROLLED | |
| Uncontrolled term | Хачатурян Арам Ильич (1903-1978) - композитор - Письма |
| 700 1# - ADDED ENTRY--PERSONAL NAME | |
| Personal name | Арутюнян, Маргарита |
| Relator term | пер. |
| Relationship | trl |
| 700 1# - ADDED ENTRY--PERSONAL NAME | |
| Personal name | Пахлеванян, Алина |
| Dates associated with a name | 1936- |
| Relator term | пер. |
| Relationship | trl |
| 700 1# - ADDED ENTRY--PERSONAL NAME | |
| Personal name | Григорян, Армине |
| Relator term | сост., ред. |
| Relationship | com |
| -- | edt |
| 700 1# - ADDED ENTRY--PERSONAL NAME | |
| Personal name | Шагманян, Анаит |
| Relator term | предисл. |
| Relationship | aui |
| 942 ## - ADDED ENTRY ELEMENTS (KOHA) | |
| Source of classification or shelving scheme | Universal Decimal Classification |
| Koha item type | Գրքեր / Books |
| Withdrawn status | Lost status | Damaged status | Not for loan | Collection | Home library | Current library | Date acquired | Total checkouts | Full call number | Barcode | Date last seen | Price effective from | Koha item type | Public note |
|---|---|---|---|---|---|---|---|---|---|---|---|---|---|---|
| General | Fundamental Scientific Library | Fundamental Scientific Library | 27/03/2024 | РII/661817 | FL0682788 | 27/03/2024 | 27/03/2024 | Գրքեր / Books | 30 Days Loan |
ՀՀ Գիտությունների ազգային ակադեմիայի հիմնարար գիտական գրադարան = Fundamental Scientific Library of NAS RA
All site content, except where otherwise noted, is licensed under a